01204nam a22003015a 450000100060000000300100000600500170001600700030003300800410003602000180007704000330009504100080012808200250013610000280016124500590018925000220024826400530027030000450032333600300036833700360039833800310043450001720046565000340063765000720067165000600074365000580080370000410086159253CO-BoRNBP20250925195235.0ta220826s2022 ck a gr 000 0 spa d a9789584273543 aCO-BoBLAbspacCO-BoBLAerda0 aspa04a741.5bM35s1221 ed.1 aMendoza, Mario, d1964-10aSatanás /cMario Mendoza ; ilustraciones Keco Olano. aSegunda edición 4aBogotá :bEditorial Planeta Colombiana,c2022. a128 páginas :bilustraciones ;c28 cm. atextobtxt [2rdacontent] asin mediaciónbn [2rdamedia] avolumenbnc [2rdacarrier] aLa edición 2 de 2022, conserva el mismo ISBN de la edición 2 del 2019. La segunda edición de 2022 tiene 3 páginas más y hace parte del proyecto Frankenstein. 7aNarrativa gráfica.2BLAAUTO 7aPosesión demoníacaxTiras cómicas, historietas, etc.2BLAAUTO 7aBien y malxTiras cómicas, historietas, etc.2BLAAUTO 7aLadronesxTiras cómicas, historietas, etc.2BLAAUTO1 aOlano, Keco, d1971-eilustración.